000 00885nmm a2200241 a 4500
001 ocm000702431
003 TR-IsHL
005 20201028123801.0
008 130902s1982 tu tur
007 cr cn
035 _a702431
_b(N$T)
050 0 4 _aKKX54.7
_b.T87 1982
090 0 4 _aKKX54.7
_b.T87 1982
245 1 0 _aTürkiye Barolar Birliği anayasa konusunda yapılan olağanüstü genel kurul toplantısı raporu
_h[electronic resource]
260 _aAnkara :
_bTürkiye Barolar Birliği,
_c1982
300 _a22 p.
650 4 _aHukuk
650 4 _aLaw
650 0 _aTürkiye Barolar Birliği
_x Olağanüstü Genel Kurul Toplantısı
650 0 _aUnion of Turkish Bar Associations
_x Extraordinary General Assembly Meeting
650 7 _aLAW / General
_2bisacsh
856 4 0 _uhttp://search.ebscohost.com/login.aspx?direct=true&scope=site&db=e011xww&AN=702431
999 _c2594
_d2594